[Event "Valasska Bystrice op"]
[Site "Valasska Bystrice"]
[Date "2014.09.18"]
[Round "7"]
[White "Peterka, Josef"]
[Black "Vytacek, Martin"]
[Result "0-1"]
[WhiteElo "1603"]
[BlackElo "1838"]
[PlyCount "96"]
[EventDate "2014.09.13"]
[EventType "swiss"]
[EventRounds "9"]
[EventCountry "CZE"]
[SourceTitle "CBM 162 Extra"]
[Source "ChessBase"]
[SourceDate "2014.10.17"]
[SourceVersion "1"]
[SourceVersionDate "2014.10.17"]
[SourceQuality "1"]

1. d4 Nf6 2. e3 g6 3. Nf3 d6 4. Be2 Bg7 5. b3 0-0 6. Bb2 b6 7. c4 c5 8. d5 Na6 9. Nc3 Nc7 10. 0-0 a6 11. Qc2 Bd7 12. h3 b5 13. Nd2 b4 14. Nce4 Nce8 15. Ng3 Qb6 16. a4 a5 17. e4 Nc7 18. e5 dxe5 19. Bxe5 e6 20. dxe6 Nxe6 21. Nf3 Bc6 22. Rad1 Rad8 23. Qb2 Rxd1 24. Rxd1 Ne8 25. Bxg7 N8xg7 26. Ne5 Nd4 27. Bf1 Rc8 28. Nd3 Nge6 29. Ne2 Rd8 30. Rd2 Qb7 31. Ndc1 Qd7 32. Nxd4 Nxd4 33. Nd3 Qd6 34. Qa2 f5 35. Qb2 f4 36. Qa2 f3 37. g3 Ne2+ 38. Rxe2 fxe2 39. Bxe2 Qe7 40. Nf4 Qe4 41. Nd5 Bxd5 42. cxd5 Re8 43. Bc4 Kg7 44. Qd2 Qe1+ 45. Qxe1 Rxe1+ 46. Kg2 Rd1 47. Kf3 Rd4 48. h4 Rxc4 0-1

[Event "Valasska Bystrice op"]
[Site "Valasska Bystrice"]
[Date "2014.09.13"]
[Round "1"]
[White "Svec, Martin"]
[Black "Vytacek, Martin"]
[Result "0-1"]
[WhiteElo "1558"]
[BlackElo "1838"]
[PlyCount "82"]
[EventDate "2014.09.13"]
[EventType "swiss"]
[EventRounds "9"]
[EventCountry "CZE"]
[SourceTitle "CBM 162 Extra"]
[Source "ChessBase"]
[SourceDate "2014.10.17"]
[SourceVersion "1"]
[SourceVersionDate "2014.10.17"]
[SourceQuality "1"]

1. e4 c5 2. Nf3 g6 3. Nc3 Bg7 4. d4 cxd4 5. Nxd4 Nc6 6. Nb3 Nf6 7. Be2 0-0 8. 0-0 a5 9. a4 b6 10. Bf3 Ne5 11. Bf4 Nxf3+ 12. Qxf3 Bb7 13. Rab1 d5 14. exd5 Nxd5 15. Nxd5 Bxd5 16. Qe3 Ra7 17. Nd2 Bc6 18. b3 e5 19. Bg3 Rd7 20. Nc4 e4 21. Be5 f6 22. Bc3 b5 23. Nxa5 Rc7 24. Nxc6 Rxc6 25. axb5 Rc8 26. Qxe4 Rxc3 27. Qe6+ Kh8 28. Rbd1 Qe8 29. Qd6 Qxb5 30. Rfe1 Qc5 31. Qxc5 Rxc5 32. c4 Rc7 33. Rd5 h5 34. h4 Rb8 35. Rb1 Rxc4 36. Rd8+ Rxd8 37. bxc4 Rc8 38. Rc1 Bf8 39. Kf1 Kg7 40. Ke2 Kf7 41. Kd3 Bc5 0-1

[Event "Hrdonov Fontana op"]
[Site "Hrdonov"]
[Date "2012.10.27"]
[Round "9"]
[White "Vytacek, Martin"]
[Black "Halla, Jiri"]
[Result "1-0"]
[WhiteElo "1799"]
[BlackElo "1874"]
[PlyCount "75"]
[EventDate "2012.10.20"]
[EventType "swiss"]
[EventRounds "9"]
[EventCountry "CZE"]
[SourceTitle "CBM 151 Extra"]
[Source "ChessBase"]
[SourceDate "2012.12.18"]
[SourceVersion "1"]
[SourceVersionDate "2012.12.18"]
[SourceQuality "1"]

1. e4 e6 2. d4 d5 3. exd5 exd5 4. a3 Bd6 5. Nc3 c6 6. Bd3 h6 7. h3 Nf6 8. Qe2+ Qe7 9. Qxe7+ Kxe7 10. Bd2 Re8 11. 0-0-0 Kf8 12. Nf3 Be6 13. Rdg1 Nbd7 14. g4 Ng8 15. g5 h5 16. Nh4 Ne7 17. f4 g6 18. f5 gxf5 19. Rf1 Kg7 20. Bxf5 Nxf5 21. Nxf5+ Bxf5 22. Rxf5 Re7 23. h4 Nf8 24. Nd1 Ng6 25. Ne3 Rae8 26. Rf6 Rxe3 27. Bxe3 Rxe3 28. Rxd6 Re4 29. c3 Re7 30. Rf6 Re4 31. Rhf1 Re7 32. Rh1 Re4 33. Rd6 Re7 34. Kd2 Nf4 35. Re1 Rxe1 36. Kxe1 Ng2+ 37. Kf2 Nxh4 38. Rd7 1-0

[Event "Hrdonov Fontana op"]
[Site "Hrdonov"]
[Date "2012.10.24"]
[Round "6"]
[White "Vytacek, Martin"]
[Black "Sedivy, Martin"]
[Result "0-1"]
[WhiteElo "1799"]
[BlackElo "1878"]
[PlyCount "51"]
[EventDate "2012.10.20"]
[EventType "swiss"]
[EventRounds "9"]
[EventCountry "CZE"]
[SourceTitle "CBM 151 Extra"]
[Source "ChessBase"]
[SourceDate "2012.12.18"]
[SourceVersion "1"]
[SourceVersionDate "2012.12.18"]
[SourceQuality "1"]

1. e4 c6 2. d4 d6 3. Bc4 Nf6 4. Nc3 g6 5. Be3 Bg7 6. f3 Nbd7 7. Qd2 Qc7 8. Nge2 0-0 9. g4 b5 10. Bb3 a5 11. a3 Ba6 12. h4 h5 13. gxh5 Nxh5 14. Nf4 Nxf4 15. Bxf4 e5 16. Bh6 c5 17. Bxg7 Kxg7 18. Bd5 cxd4 19. Qg5 dxc3 20. b3 Qd8 21. Qxd8 Raxd8 22. 0-0-0 Nf6 23. Rdg1 Nxd5 24. exd5 Bc8 25. h5 Rh8 26. Kd1 0-1

[Event "Kouty nad Desnou op-B"]
[Site "Kouty nad Desnou"]
[Date "2011.03.14"]
[Round "4"]
[White "Koller, Martin"]
[Black "Vytacek, Martin"]
[Result "1-0"]
[WhiteElo "1702"]
[BlackElo "1588"]
[PlyCount "65"]
[EventDate "2011.03.12"]
[EventType "swiss"]
[EventRounds "9"]
[EventCountry "CZE"]
[SourceTitle "EXT 2014"]
[Source "ChessBase"]
[SourceDate "2013.11.20"]
[SourceVersion "1"]
[SourceVersionDate "2013.11.20"]
[SourceQuality "1"]

1. f4 e5 2. fxe5 d6 3. exd6 Bxd6 4. Nf3 g5 5. g3 h5 6. d4 g4 7. Nh4 Be7 8. Ng2 h4 9. Bf4 hxg3 10. Bxg3 Nf6 11. Nc3 Nh5 12. Bf2 Bd6 13. Qd3 f5 14. 0-0-0 Nc6 15. Nd5 Be6 16. Bh4 Qd7 17. Qe3 Kf7 18. Nc3 Rae8 19. Qf2 Bc4 20. e4 Bxf1 21. Rdxf1 f4 22. e5 Nxe5 23. dxe5 Bxe5 24. Qc5 f3 25. Ne1 Nf4 26. Bg3 Bxc3 27. Qc4+ Kg6 28. Bxf4 Bxe1 29. Rxe1 Rxe1+ 30. Rxe1 Re8 31. Rd1 Qf5 32. Qxc7 Rc8 33. Rd6+ 1-0